LIBRARY & INFORMATION CENTRE, KCAET, TAVANUR

ONLINE PUBLIC ACCESS CATALOGUE (OPAC)

Philosophical enquiry into the origin of our ideas of the subline and beautiful / (Record no. 1504)

MARC details
000 -LEADER
fixed length control field 00440cam a2200157ua 4500
041 ## - LANGUAGE CODE
Language code of text/sound track or separate title eng
082 ## - DEWEY DECIMAL CLASSIFICATION NUMBER
Classification number 101
Item number BOU/PH
100 ## - MAIN ENTRY--AUTHOR NAME
Personal name Boulton, J T .
245 00 - TITLE STATEMENT
Title Philosophical enquiry into the origin of our ideas of the subline and beautiful /
250 ## - EDITION STATEMENT
Edition statement 1 /
260 ## - PUBLICATION, DISTRIBUTION, ETC. (IMPRINT)
Place of publication London :
Name of publisher Routledge & Kegan Paul Ltd ,
Year of publication 1958.
300 ## - PHYSICAL DESCRIPTION
Number of Pages 197 ; .
942 ## - ADDED ENTRY ELEMENTS (KOHA)
Koha item type Books
Holdings
Withdrawn status Lost status Damaged status Home library Current library Date acquired Cost, normal purchase price Full call number Accession Number Koha item type Public note
Withdrawn     KAUAET Sanskrit University 07/04/2012 32.00 101 6863 Books Transferred to Sanskrit University
free website counter